00626 a2200169 4500000002100000001000700021005001700028008004100045082001800086100002500104245009200129260002800221300001000249690008100259999001500340952010100355BKB 07118320200902150937.0  a363.702bW89V1 aWorldwatch Institute1 aVital Signs 2005/2006 : the trends that are shaping our futurecby Worldwatch Institute aLondonbEarthscanc2005 a139p. aSocial indicators; Economic forecasting; Environmental monitoring; Statitics c4535d4535 00104070aCURAJbCURAJd2012-03-07g1238.74l0o363.702 W89Vp5470r2024-11-21w2020-09-02yBK